Biblioteca

Halloween cats (Registro nro. 47859)

Detalles MARC
000 -LÍDER
Campo fijo de descripción fija 005010000a22001930004500
001 - NÚMERO DE CONTROL
Campo de control BINCO
003 - IDENTIFICADOR DEL NÚMERO DE CONTROL
Campo de control CO-MdBIC
005 - FECHA Y HORA DE LA ULTIMA TRANSACCIÓN
control field 20220324175513.0
008 - ELEMENTOS DE LONGITUD FIJA -- INFORMACIÓN GENERAL
Campo fijo de descripción fija -- Información general 220324b ||||| |||| 00| 0 eng d
020 ## - NÚMERO INTERNACIONAL NORMALIZADO PARA LIBROS
Número Internacional Normalizado del libro 0590460269
040 ## - FUENTE DE CATALOGACIÓN
Agencia de catalogación original CO-MdBIC
Idioma de catalogación spa.
Agencia que realiza la transcripción CO-MdBIC
Agencia que realiza la modificación CO-MdBIC
082 04 - NÚMERO DE CLASIFICACIÓN DECIMAL DEWEY
Número de clasificación 22
Número de la edición del Dewey 813A
Clave de autor-Numero de item M36h
100 1# - ASIENTO PRINCIPAL--NOMBRE PERSONAL
Nombre personal Marzollo, Jean
245 10 - TÍTULO
Título del Material Halloween cats
Mención de responsabilidad, etc. / Jean Marzollo, Hans Wilhelm
260 ## - PUBLICACIÓN, DISTRIBUCIÓN, ETC. (PIE DE IMPRENTA)
Lugar de publicación, distribución, etc. New York : Scholastic
300 ## - DESCRIPCIÓN FÍSICA
Extensión 30 páginas
650 14 - ASIENTO SECUNDARIO DE MATERIA - TERMINO TEMÁTICO
Término temático o nombre geográfico como elemento de entrada Literatura Infantil
942 ## - TIPO DE MATERIAL (KOHA)
Tipo de Item KOHA Z- Libro General BINCO
Existencias
Estado de Material Estado de Perdido Forma de Clasificación Estado de Dañado No para Préstamo Tomo Biblioteca de Origen Biblioteca Permanente Fecha de Adquisición Área Total de Préstamos Signatura Topográfica Código de Barras Última vez visto Ejemplar/Existencia Fecha de Remplazo Tipo de Material
    Dewey Decimal Classification       Biblioteca Infantil Comunitaria BINCO Biblioteca Infantil Comunitaria BINCO 27/03/2006 BINCO   813A M36h B30438 24/11/2016 1 26/01/2016 Z- Libro General BINCO

Biblioteca FUSBC | Teléfono: (57+4) 349 88 10 Ext. 141| WhatsApp (+57) 3005338115 
E-mail: biblioteca@unisbc.edu.co | Calle 76 87-14 Robledo Palenque, Medellín, Colombia

Con tecnología Koha